000 00794nam a2200205 4500
001 113491
003 DR-UNIBE
005 20250730100111.0
008 250428b2003 dr ||||| |||| 00| 0 spa d
020 _a9789223233068
040 _aBIBLIOTECA UNIBE
_bspa
_cBIBLIOTECA UNIBE
_erda
041 _aspa
082 _aF-RD 5998
110 2 _aRepública Dominicana.
_bSuprema Corte de Justicia
_98757
245 1 0 _aMedidas anticipadas a la vigencia del código para el sistema de protección y los derechos fundamentales de los niños, niñas y adolescentes :
_bLey 136-03 (Resolución 602-2004) (Resolución 699-2004)
260 _aSanto Domingo :
_bSuprema Corte de Justicia,
_c2004
300 _a44 páginas
650 7 _2lemb
_aDerecho penal
_zRepública Dominicana
_915664
942 _2ddc
_cMX
999 _c113491
_d113491